Представление документа в формате MARC21

Поле Инд. ПП Название Значение
Тип записи a
Библиографический уровень m
001 Контрольный номер 45ea6df3-d6db-4a27-abea-51f47923e7d6
005 Дата корректировки 20140226143649.4
008 Кодируемые данные 980508 d
020 c Цена, тираж 4.31
080 a Индекс УДК 796.41
084 a Индекс другой классификации/Индекс ББК Ч516
090 c Каталожный индекс Ч516
x Авторский знак М59
a Полочн. индекс 796.4
100 1_ a Автор Микулич Павел Венедиткович
245 0_ a Заглавие Гимнастика
b Продолж. заглавия Учеб. пособие для секций коллективов физ. культуры (для занятий с начинающими)
c Ответственность П.В. Микулич и Л.П. Орлов
260 0_ a Место издания Москва
b Издательство Физкультура и спорт
c Дата издания 1959
300 a Объем 195,[1] с.
b Иллюстрации/ тип воспроизводства ил.
440 a Серия В помощь инструктору-общественнику
583 a Действие Приписка 230 06.04.98
k Исполнитель действия ОРФ ОУНБ им.А.М.Горького
650 a Основная рубрика Гимнастика
653 a Ключевые слова Гимнастика
a Ключевые слова Учебники
700 1_ a Другие авторы Орлов Лев Павлович
852 t Порядковый номер экземпляра 1
p Инвентарный номер 695044
888 a Безвозмездно
930 a Новая/Ретро Учебники
952 p 230.98 4.31 1 695044
c Вид литературы К ру
954 a Дата поступления на обработку 10.04.98
999 a Подразделение 2 Фил2